| 000 | 00814nam a2200253 a 4500 | ||
|---|---|---|---|
| 001 | 67256 | ||
| 003 | BD-RjUL | ||
| 005 | 20211209081630.0 | ||
| 008 | 170323r19941991enka 001 0 eng d | ||
| 020 | _a0233986359 pbk | ||
| 035 | _a(BD-RjUL)67387 | ||
| 040 |
_aBD-RjUL _beng _cBD-RjUL |
||
| 041 | _aeng | ||
| 082 |
_223 _a647.59519 _bMIF 1994 |
||
| 100 | 1 |
_aMillon, Marc. _9199270 |
|
| 245 | 1 | 0 |
_aFlavours of Korea : _bwith stories and recipes from a Korean grandmother's kitchen / _cMarc and Kim Millon |
| 260 |
_aLondon : _bAndré Deutsch, _c1991 [2nd impression 1994] |
||
| 300 |
_avii, 201 p. : _bill.; _c23 cm. |
||
| 504 | _aIncludes bibliography and index. | ||
| 650 | 0 |
_aCooking, Korean _9199271 |
|
| 651 | 0 |
_aKorea _xSocial life and customs _9199272 |
|
| 700 | 1 |
_aMillon, Kim. _9199273 |
|
| 942 |
_2ddc _cBK |
||
| 999 |
_c67256 _d67256 |
||